| 000 | 00373nam a22001217a 4500 | ||
|---|---|---|---|
| 082 | _a220 PRO | ||
| 100 |
_aPC MEHWISH SIDDIQUE PC HIRA KHALID PROJECT _972991 |
||
| 245 | _aPR-SOF-1888-Hear Smart- Your Hearing Assistant | ||
| 260 |
_aISLAMABAD _bNUST COLLEGE OF EME _c2020 |
||
| 650 |
_a DE-COMP-38 _972992 |
||
| 700 |
_aSUPERVISOR DR. SAJID GUL KHAWAJA _969853 |
||
| 942 | _cCR | ||
| 999 |
_c578907 _d578907 |
||